| 000 | 02035nam0a2200397 4500 | ||
|---|---|---|---|
| 001 | RU\NLR\BIBL_A\011872152 | ||
| 005 | 20220804111602.0 | ||
| 010 |
_a978-5-907059-39-9 _91000 |
||
| 021 |
_aRU _bКН-П-18-6090 _9КН-П-18-084164 |
||
| 035 | _a(NLR Aleph) 011872152 | ||
| 035 | _a(RuMoRGB)009798612 | ||
| 090 |
_a12211134 _c12211134 |
||
| 100 | _a20181128d2019 u y0rusy50 ca | ||
| 101 | 1 |
_arus _ceng |
|
| 102 | _aRU | ||
| 105 | _ay|||z|||000zy | ||
| 200 | 1 |
_aСидя в огне: преобразование больших групп через конфликт и разнообразие _fАрнольд Минделл _gперевод с английского Марка Драчинского _gнаучная редакция к. филос. н. Владимира Майкова |
|
| 210 |
_aМосква _cГанга _d2019 [т.е. 2018] |
||
| 215 |
_a402, [1] с. _d21 |
||
| 225 | 1 | _aТрансперсональная психология | |
| 300 | _aПер. изд.: Sitting in the fire: Large Group Transormation through Diversity and Conflict/ Arnold Mindell. Portland, Oregona, 1995 | ||
| 300 | _aНа 4-й с. обл. авт.: Арнольд Минделл - психотерапевт | ||
| 300 | _aФактическая дата выхода в свет - 2018 | ||
| 320 | _aБиблиогр.: с. 391-403 | ||
| 333 | _a16+ | ||
| 454 | 0 |
_12001#$aSitting in the fire: Large Group Transormation through Diversity and Conflict$fArnold Mindell _1210##$aPortland, Oregona$d1995 _1700#1$aMindell$bA.$f1940-$gArnold |
|
| 606 | 1 |
_aКоллектив _xСоциально-психологический климат _2nlr_sh1 _2nlr_sh2 _3RU\NLR\AUTH\66558231 |
|
| 606 | 1 |
_aКонфликты социальные _2nlr_sh1 _2nlr_sh2 _3RU\NLR\AUTH\661269835 |
|
| 686 | 1 | _aС550.443 | |
| 686 | 1 | _aС550.73 | |
| 700 | 1 |
_aМинделл _bА. _f1940- _gАрнольд |
|
| 942 | _cBOOK | ||
| 980 | _aNBR | ||
| 980 | _aNB | ||